|
|
|
|
| LEADER |
01193nam a2200349 a 4500 |
| 001 |
000366747 |
| 003 |
CZ BrMZK |
| 005 |
20210322143656.0 |
| 007 |
ta |
| 008 |
980115s1998 xr e j cze d |
| 015 |
|
|
|a cnb000537349
|
| 020 |
|
|
|a 80-86042-14-6
|
| 035 |
|
|
|a (OCoLC)41423970
|
| 040 |
|
|
|a BOA001
|b cze
|
| 043 |
|
|
|a e-xr---
|b e-xr-cc
|2 czenas
|
| 072 |
|
7 |
|a 821.162.3-3
|x Česká próza
|2 Konspekt
|9 25
|
| 080 |
|
|
|a 821.162.3-32
|2 MRF
|
| 080 |
|
|
|a 343.359.3
|2 MRF
|
| 080 |
|
|
|a (437.31-11)
|2 MRF
|
| 080 |
|
|
|a (0:82-32)
|2 MRF
|
| 100 |
1 |
|
|a Špinler, Antonín,
|d 1916-1999
|7 jn19981228124
|4 aut
|
| 245 |
1 |
0 |
|a Na Modrou stranu, pašeráci! /
|c Antonín Špinler ; [ilustrace: Jiří Pecháček]
|
| 250 |
|
|
|a 1. vyd.
|
| 260 |
|
|
|a Ústí nad Orlicí :
|b Oftis,
|c 1998
|
| 300 |
|
|
|a 100 s. :
|b il. ;
|c 21 cm
|
| 650 |
0 |
7 |
|a pašování
|7 ph124004
|z Česko
|2 czenas
|
| 651 |
|
7 |
|a Čechy východní (Česko)
|7 ge131655
|2 czenas
|
| 655 |
|
7 |
|a české příběhy
|7 fd133973
|2 czenas
|
| 700 |
1 |
|
|a Pecháček, Jiří,
|d 1941-
|7 jn20010309241
|4 aut
|
| 910 |
|
|
|a BOA001
|b 2-1051.274
|
| 990 |
|
|
|a BK
|
| 996 |
6 |
|
|b 2610080629
|c 2-1051.274
|l MZK
|r Sklad / do 1 hodiny
|n 4
|p p.v.
|w 000366747
|u 000010
|a 1
|e BOA001
|j MZK50
|s P
|